Our Earth (Record no. 12763)

MARC details
000 -LEADER
fixed length control field 00237nam a22000977a 4500
008 - FIXED-LENGTH DATA ELEMENTS--GENERAL INFORMATION
fixed length control field 250708b |||||||| |||| 00| 0 eng d
020 ## - INTERNATIONAL STANDARD BOOK NUMBER
International Standard Book Number 9781472311313
100 ## - MAIN ENTRY--PERSONAL NAME
Personal name Parragon
9 (RLIN) 6945
245 ## - TITLE STATEMENT
Title Our Earth
260 ## - PUBLICATION, DISTRIBUTION, ETC. (IMPRINT)
Place of publication, distribution, etc. New Delhi
Name of publisher, distributor, etc. Parragon
Date of publication, distribution, etc. 2016
Holdings
Withdrawn status Lost status Source of classification or shelving scheme Damaged status Koha normalized classification for sorting Not for loan Home library Current library Shelving location Date acquired Total Checkouts Full call number Barcode Date last seen Price effective from Koha item type
    Dewey Decimal Classification   PAR_525_000000000000000   Good Samaritan School Library Good Samaritan School Library Science 07/08/2025   PAR525 PAR17880 07/08/2025 07/08/2025 BOOK

Powered by Koha